00898 a2200157 4500003000500000005001700005040000900022082001700031100001900048245007800067250000800145260004100153300000800194505051600202650002200718Nust20230123091454.0 cNust a370.1965,MCK aMcKown, Harry  aAudio visual aids to instruction / cHarry C. McKown and Alvin B. Roberts a2nd aNew YorkbMc Graw-Hill Companyc1949 a608 aPsychology and Education (Page-9) Fundamentals Hypotheses (Page-21), The Power of the Mind (Page-43), Instinct and Emotions (Page-53), Heredity and Evolution (Page-76), Broad Features of Human Behavior (Page-96), Products of Development (Page-118), Stages of Development (Page-139), Mental Conflict (Page-155), Attention and Interest (Page-169), Memory (Page-184), Thinking and Reasons (Page-196), The Measurement of the Mind (Page-219), The Type In Education (Page-241), The Psychology of the Group (Page-248). aAudio Visual aids